000 00633cam1a220020500 4500
001 tmp15742583
003 UPRA
005 20190830111729.0
008 951018s1971 enk eng u
035 _a(Sirsi) r70336
035 _a(UPRA)tmp15742583
040 _cUPRA
041 1 _aeng rus
_heng rus
100 1 _aDostoyevskii, Fedor Mikhailovich.
_6A31397.1
245 1 4 _aThe idiot /
_ctransl. with an introd. by David Magarshack ; drawings by Charles Keeping.
260 _aLondon :
_bFolio Society,
_c1971.
700 1 _aMagarshack, David.
_6A31398.1
949 _aPG23326
_wlcc
_i-95132
_mMAIN
_tBOOK
_lON-SHELF
004 70336
999 _c190733
_d190734